| 000 | 00505nam a2200181Ia 4500 | ||
|---|---|---|---|
| 005 | 20250326124706.0 | ||
| 008 | 250326s9999 xx 000 0 und d | ||
| 037 | _aTextbook | ||
| 040 |
_aFMSL _beng _cFMSL |
||
| 041 |
_aeng _2eng |
||
| 084 |
_aX:89A L13 _qFMSL |
||
| 100 | _aAnthony R N | ||
| 245 | 0 |
_aManagement control systems _cAnthony R N; Dearden Jand Others |
|
| 260 |
_aUSA _bUSA, Richard D Irwin _c1971 |
||
| 300 | _a686p | ||
| 942 |
_cTB _hX:89A L13 |
||
| 999 |
_c1274770 _d1274770 |
||